00833nam a2200205 a 450000100100000000500170001000800410002702000180006804000250008608200180011110000440012924501690017326000530034230000270039549000100042250001300043270000340056270000210059683000100061700004692220201002053219.0180406s2015 dr a 000 0 spa d z9789945495941 aDO-SdBNPbspacBNPHU axxxxbV181ate1 aValle Tineo de Hernández, María del10aAtención & concentración 3 :bnivel inicial, 5 años de edad /cMaría del Valle Tineo de Hernández, Nathalie Feliú Domínguez ; ilustraciones Henry Cid. aSanto Domingo :bActualidad Escolar 2000,c2015. a96 p. :bil. ;c22 cm.1 aVeraz aEste libro ha sido realizado de acuerdo al curriculum vigente y ha sido sometido a la evaluación y aprobación del MINERD.1 aFeliú Domínguez, Nathalie1 aCid, Henry,eil. 0aVeraz